000 00620nam a2200205Ia 4500
003 GCL
008 140319s9999 xx 000 0 ara d
040 _aGCL /
_cGCL
082 0 4 _a219
_bا ح
100 1 _aاحمد كمال ابوالمجد
245 1 0 _aحوار لامواجهه /
_cاحمد كمال ابوالمجد
260 _a[S.N] :
_bدار الشروق ،
_c1988
300 _a229 ص
490 _a
650 0 4 _aالاسلام
650 0 4 _aالاخلاق الاسلامية
650 0 4 _aدفع المطاعن عن الاسلام
650 0 4 _aالشريعة الاسلامية
942 _2ddc
_cBK
999 _c52948
_d52948